Chemistry and radioastronomy (Record no. 4376)

MARC details
000 -LEADER
fixed length control field 00874nam a2200229Ia 4500
003 - CONTROL NUMBER IDENTIFIER
control field IN-BaIIA
008 - FIXED-LENGTH DATA ELEMENTS--GENERAL INFORMATION
fixed length control field 211028s9999 xx 000 0 eng d
020 ## - INTERNATIONAL STANDARD BOOK NUMBER
International Standard Book Number 3-540-06066-9
040 ## - CATALOGING SOURCE
Transcribing agency IIA Library
080 ## - UNIVERSAL DECIMAL CLASSIFICATION NUMBER
Universal Decimal Classification number 52-37
Item number ORI
111 ## - MAIN ENTRY--MEETING NAME
Meeting name or jurisdiction name as entry element Conference on Origins of Life
Number of part/section/meeting 4th
Location of meeting Elkridge, Maryland
Date of meeting or treaty signing 1971 Apr. 13-16
9 (RLIN) 7670
245 #0 - TITLE STATEMENT
Title Chemistry and radioastronomy
Remainder of title proceedings of the fourth conference on Origins of Life held in Elkridge, Maryland, April 13-16, 1971
Statement of responsibility, etc. edited by Lynn Margulis
260 ## - PUBLICATION, DISTRIBUTION, ETC.
Place of publication, distribution, etc. Berlin
Name of publisher, distributor, etc. Springer-Verlag
Date of publication, distribution, etc. 1973
300 ## - PHYSICAL DESCRIPTION
Extent xvi, 291p.
650 ## - SUBJECT ADDED ENTRY--TOPICAL TERM
Topical term or geographic name entry element Astronomy and astrophysics thesaurus
650 ## - SUBJECT ADDED ENTRY--TOPICAL TERM
Topical term or geographic name entry element Extraterrestrial life
9 (RLIN) 4250
650 ## - SUBJECT ADDED ENTRY--TOPICAL TERM
Topical term or geographic name entry element Origin
9 (RLIN) 5840
650 ## - SUBJECT ADDED ENTRY--TOPICAL TERM
Topical term or geographic name entry element Radio astronomy
9 (RLIN) 2849
700 ## - ADDED ENTRY--PERSONAL NAME
Personal name Margulis, Lynn., ed.
9 (RLIN) 7671
710 ## - ADDED ENTRY--CORPORATE NAME
Corporate name or jurisdiction name as entry element Interdisciplinary Communications Program of the Smithsonian Institution
9 (RLIN) 7672
942 ## - ADDED ENTRY ELEMENTS (KOHA)
Koha item type Books
Holdings
Withdrawn status Lost status Damaged status Not for loan Home library Current library Shelving location Date acquired Cost, normal purchase price Total Checkouts Full call number Barcode Date last seen Cost, replacement price Price effective from Koha item type Purchase Price
        IIA Library-Bangalore IIA Library-Bangalore General Stacks 23/03/1974 173.44   52-37/ ORI 4883 05/11/2021 173.44 23/03/1974 Books Rs. 173.44

Powered by Koha